书目信息 |
| 题名: |
英语时文翻译教程
|
|
| 作者: | 林烈城 编著 | |
| 分册: | ||
| 出版信息: | 北京 北京大学出版社 1999.08 |
|
| 页数: | 297页 | |
| 开本: | 32开 | |
| 丛书名: | ||
| 单 册: | ||
| 中图分类: | H315.9 | |
| 科图分类: | ||
| 主题词: | 英语 | |
| 电子资源: | ||
| ISBN: | 7-301-04290-6 | |
| 000 | 00563nam0 2200193 45 | |
| 001 | 0012200989 | |
| 005 | 20001220091243.9 | |
| 010 | @a7-301-04290-6@d16.00元 | |
| 100 | @a20001220d1999 km y0chiy0120 ea | |
| 101 | 0 | @achi |
| 105 | @a z 000yy | |
| 200 | 1 | @a英语时文翻译教程@AYing Yu Shi Wen Fan Yi Jiao Cheng@f林烈城等编著@FLin Lie Cheng Deng Bian Zhu |
| 210 | @a北京@c北京大学出版社@d1999.08 | |
| 215 | @a297页@d32开 | |
| 606 | 0 | @a英语 |
| 690 | @aH315.9@v3 | |
| 701 | 0 | @a林烈城@4编著 |
| 801 | @aCN@bPftUser@c20001220 | |
| 905 | @b309768-770@dH315.9@eL115@f3 | |
| 英语时文翻译教程/林烈城等编著.-北京:北京大学出版社,1999.08 |
| 297页;32开 |
| ISBN 7-301-04290-6:16.00元 |
| ● |
| 相关链接 |
|
|
|
正题名:英语时文翻译教程
索取号:H315.9/L115
 
预约/预借
| 序号 | 登录号 | 条形码 | 馆藏地/架位号 | 状态 | 备注 |
| 1 | 309768 | 203097683 | 语言库209/209语言库 35排6列1层/ [索取号:H315.9/L115] | 在馆 | |
| 2 | 309769 | 203097692 | 语言库209/209语言库 39排1列6层/ [索取号:H315.9/L115] | 在馆 | |
| 3 | 309770 | 203097709 | 社科二线400B/400B社科库 9排4列4层/ [索取号:H315.9/L115] | 在馆 |